Business Statistics MBA (Record no. 6217)

MARC details
000 -LEADER
fixed length control field 00278nam a2200121Ia 4500
008 - FIXED-LENGTH DATA ELEMENTS--GENERAL INFORMATION
fixed length control field 191201s2015 xx 000 0 und d
100 ## - MAIN ENTRY--PERSONAL NAME
Personal name JAIN,T.R.
245 #0 - TITLE STATEMENT
Title Business Statistics MBA
260 ## - PUBLICATION, DISTRIBUTION, ETC. (IMPRINT)
Place of publication, distribution, etc N. delhi
Name of publisher, distributor, etc V.K
Date of publication, distribution, etc 2015
300 ## - PHYSICAL DESCRIPTION
Extent 304+14
650 ## - SUBJECT ADDED ENTRY--TOPICAL TERM
Topical term or geographic name as entry element MCA
942 ## - ADDED ENTRY ELEMENTS (KOHA)
Source of classification or shelving scheme Dewey Decimal Classification
Koha item type Text Books
942 ## - ADDED ENTRY ELEMENTS (KOHA)
-- 1
Holdings
Withdrawn status Lost status Source of classification or shelving scheme Damaged status Not for loan Collection code Home library Current library Date acquired Source of acquisition Cost, normal purchase price Bill Number Total Checkouts Full call number Acc. no. / Barcode Date last seen Date last borrowed Actual Cost, discounted price Bill Date Koha item type
    Dewey Decimal Classification     MBA PIET C-LIBRARY PIET C-LIBRARY 02/09/2015 KIRTI PRAKASHAN, NEW DELHI 300.00 IN2169 4 658.083 JAB 25312 17/12/2025 08/12/2025 246.00 04/02/2015 Text Books
    Dewey Decimal Classification     MBA PIET C-LIBRARY PIET C-LIBRARY 02/09/2015 KIRTI PRAKASHAN, NEW DELHI 300.00 IN2169 2 658.083 JAB 25313 16/12/2025 05/12/2025 246.00 04/02/2015 Text Books

Design & Developed by: PIET Central Library
R70 Miles Stone Pattikalyana Samalkha Panipat 132102
mail ID :- [email protected], Phone No:- 0180-2569700 Ex.216